000 01053nam a2200229Ia 4500
003 Ost
005 20260507074951.0
008 260507s9999||||xx |||||||||||||| ||und||
020 _a9957063642
040 _cfsecg
041 _aara
082 _a338.5
100 _aالوادي، محمود حسين
_eمؤلف
245 0 _aالاقتصاد الجزئي :
_bتحليل نظري وتطبيقي /
_c محمود حسين الوادي
260 _aعمان:
_bدار المسيرة للنشر والتوزيع,
_c2007
300 _a287 صفحة؛
_bإيضاحات ؛
_c25 سم
504 _aببليوغرافيا:ص.287
520 _aمفاهيم أولية عن عمل الإقتصاد والمشكلة الإقتصادية،نظرية الإئتمان،نظرية سلوك المستهلك،نظرية الإنتاج،نظرية المنشأة،توازن المنشأة في الأسواق المختلفة
653 _aالإقتصاد جزئي
700 _aجاسم العيساوي، كاظم
_eمؤلف ثانوي
942 _cكتاب
999 _c41997
_d41997